000 00763cam a2200253Ma 4500
008
020 _a9781455710782 (pbk.)
049 _aMAIN
090 _aQM23.2
_bDRA
100 1 _aDrake, Richard L.
_q(Richard Lee).
245 1 0 _aGray's basic anatomy /
_cby Richard L. Drake, A. Wayne Vogl, Adam W.M. Mitchell.
260 _aEdinburgh :
_bChurchill Livingstone,
_c2012.
300 _axx, 610 p. :
_bill. (chiefly col.) ;
_c28 cm.
500 _aIncludes index.
650 0 _aHuman anatomy.
650 1 2 _aAnatomy.
700 1 _aVogl, Wayne.
700 1 _aMitchell, Adam W. M.
907 _a.b10364183
_b29-10-15
_c29-10-15
003
005 20230120204204.0
040 _cNUST
942 _cBOOKS
_kQM23.2
_mDRA
999 _c118743
_d118743